00911nam a2200289Ia 4500008004100000020001800041050001100059050001400070245003000084245006800114245005000182260001900232260003100251260000900282300001700291300002200308300001100330650003600341650003100377650004300408650002000451650004100471650001200512650003700524650002900561700003100590160319s9999 xx 000 0 und d a9789719473626 a353.46 bS497 2011 4aThe seven deadly deals :  bcan Aquino fix Arroyo's legacy of costly and messy projects? /  cwith articles by Roel Landingin ... [et al.]. aQuezon City :  bPublic Trust Media Group,  c2011 a124 pages : b illustrations ;  c23 cm. aArroyo, Gloria Macapagal, 1947- aCorruption -- Philippines. aMisconduct in office -- Philippines -- aPhilippines --  aPolitical corruption -- Philippines. x Cases. xAquino, Benigno Simeon C., 1960- xPolitics and government. aLandingin, Roel R., author